000 00828nam a2200277 i 4500
003 DO-SdBNP
005 20230517113447.0
007 ta
008 230517b2022 dr ||||| |||| 00| 0 spa d
020 _a9789945635515
040 _aDO-SdBNP
_bspa
_cBNPHU
_erda
082 4 _222
100 _aSoriano, Martina
_983408
245 1 3 _aLa mirada oculta de la primavera/
_cMartina Soriano ;prólogo Juan Inirio
250 _a2a ed.
264 _aSanto Domingo :
_bSantuario,
_c2022.
300 _a91 p. ;
_c23 cm.
336 _2rdacontent
_atexto
_btxt
337 _2rdamedia
_asin mediación
_bn
338 _2rdacarrier
_avolumen
_bnc
500 _aIncluye datos biográficos del autora en las solapas
590 _aInventariado, 2023/BT
700 1 _aInirio, Juan,
_eprólogo
_934619
910 _aBtavárez
942 _2ddc
_cLBS1
999 _c53551
_d53551